Monitoring media pluralism in the digital era

Detalles Bibliográficos
Autor principal: Borberg, Vibeke
Formato: eBook
Lenguaje:inglés
Publicado: Bruselas: European Union Publications Office, 2020
Materias:
Acceso en línea:Acceso restringido

MARC

LEADER 00000nam a22000007a 4500
005 2021093007017.0
007 cr|||| ||||
008 210930s2020 eu |||||s|||| 00||0 eng d
020 |a 978-92-9084-854-7 
035 |a 34519 
040 |a vLex 
090 |c 12459  |d 12459 
100 1 |a Borberg, Vibeke 
245 1 0 |a Monitoring media pluralism in the digital era  |h [Recurso electrn̤ico] /  |c Vibeke Borberg 
256 |a Servicio en ln̕ea 
260 |a Bruselas:  |b European Union Publications Office,  |c 2020 
300 |a 1 recurso electrn̤ico 
500 |a Application of the media pluralism monitor in the European Union, Albania and Turkey in the years 2018-2019: country report Denmark. The Media Pluralism Monitor (MPM) is a research tool designed to identify potential risks to media pluralism in the Member States and Candidate Countries of the European Union, and considering both online and offline news environments. This narrative report has been produced within the framework of the implementation of the MPM carried out in 2019, under a project financed by a preparatory action of the European Parliament. The implementation was conducted in 28 EU Member States, Albania and Turkey with the support of a grant awarded by the European Union to the Centre for Media Pluralism and Media Freedom (CMPF) at the European University Institute. 
506 1 |a Disponible solo en los productos indicados  |d vLex Global  |d vLex Global (Academic Edition, excluding Law Schools)  |d vLex Global (U.S. Academic Edition, Law Schools)  |d vLex Global (U.S. Academic Edition, excluding Law Schools)  |d vLex Global (Academic Edition, Law Schools) 
650 0 4 |a Derecho Comunitario  |z Unin̤ Europea 
740 0 |a vLex Libros (Servicio en ln̕ea) 
856 4 0 |u https://app.vlex.com/#/sources/34519  |z Acceso restringido 
942 |c BOOK 
999 0 |a Community Law